000
00166nam a22000857a 4500
082
_a
629.252 CHA'S
245
_a
CHASSIS WORKSHOP MANUAL
300
_a
30P
942
_c
BK
999
_c
582032
_d
582032